Finish the TV Show Titles (1950s) Quiz Stats

 Plays Quiz Updated Mar 20, 2018

Challenge
Share
Tweet
Embed
Score 0/30 Timer 05:00
1 Play Today
Start of Title Last Word % Correct
The Price IsRight
99.4%
Wanted Dead orAlive
97.6%
Father KnowsBest
96.3%
The Adventures of Rin TinTin
95.8%
The TwilightZone
94.9%
Dennis theMenace
94.1%
I LoveLucy
93.1%
As the WorldTurns
92.8%
Leave It toBeaver
92.4%
The Mickey MouseClub
90.7%
The GuidingLight
88.7%
The Life and Legend of WyattEarp
85.8%
You Bet YourLife
85.5%
Have Gun – WillTravel
82.3%
The Colgate ComedyHour
82.1%
Start of Title Last Word % Correct
The Adventures of Ozzie andHarriet
81.9%
PerryMason
80.2%
What's MyLine?
78.4%
RomperRoom
77.1%
Alfred HitchcockPresents
76.4%
77 SunsetStrip
75.8%
WagonTrain
74.2%
Make Room forDaddy
67.8%
Truth orConsequences
67.4%
The Many Loves of DobieGillis
64.4%
CaptainKangaroo
63.5%
Face the Nation
60.6%
The Sky atNight
58.2%
AmericanBandstand
31.7%
Playhouse90
22.2%

You're not logged in!

Compare scores with friends on all Sporcle quizzes.
Join for Free
OR
Log In

You Might Also Like...

Show Comments

Extras

Top Quizzes Today


Score Distribution

Your Account Isn't Verified!

In order to create a playlist on Sporcle, you need to verify the email address you used during registration. Go to your Sporcle Settings to finish the process.

Report this User

Report this user for behavior that violates our Community Guidelines.

Details: